[Event "ITA-ch U14"]
[Site "Cortina d'Ampezzo"]
[Date "2005.07.05"]
[Round "4"]
[White "Gonella, Riccardo"]
[Black "Marando, Bruno Francesco"]
[Result "0-1"]
[WhiteElo "1500"]
[BlackElo "1440"]
[PlyCount "152"]
[EventDate "2005.07.03"]
[EventType "swiss"]
[EventRounds "9"]
[EventCountry "ITA"]
[SourceTitle "EXT 2024"]
[Source "ChessBase"]
[SourceDate "2023.10.10"]
[SourceVersion "1"]
[SourceVersionDate "2023.10.10"]
[SourceQuality "1"]

1. d4 d5 2. c4 e6 3. g3 c5 4. Nf3 Nf6 5. Nc3 Nc6 6. b3 dxc4 7. bxc4 cxd4 8. Nb5 a6 9. Nbxd4 Nxd4 10. Nxd4 e5 11. Nb3 Qxd1+ 12. Kxd1 Bb4 13. Bb2 Ne4 14. Kc1 Nxf2 15. Rg1 Ng4 16. h3 Ne3 17. Bxe5 0-0 18. g4 Nxc4 19. Bf4 h5 20. Bd2 Bxd2+ 21. Nxd2 Nxd2 22. Kxd2 hxg4 23. hxg4 Rd8+ 24. Ke1 Be6 25. g5 g6 26. Bg2 Bd5 27. Bxd5 Rxd5 28. Rg3 Re8 29. Rd1 Rde5 30. Rd2 Re3 31. Rxe3 Rxe3 32. Kf2 Re5 33. Rd7 Rxg5 34. Rxb7 Ra5 35. Rb2 Ra3 36. e3 Kg7 37. Kf3 Kf6 38. Kf4 g5+ 39. Kf3 Kf5 40. Rf2 Ke5 41. Rg2 f6 42. Rf2 Ra4 43. Kg3 Ke4 44. Rxf6 Kxe3 45. Rf3+ Ke2 46. Rf2+ Ke1 47. Rg2 Kf1 48. Rb2 Ke1 49. Kf3 Kd1 50. Ke3 Kc1 51. Rf2 Kb1 52. Kd3 Rxa2 53. Rf1+ Kb2 54. Rg1 Ra3+ 55. Kd2 Ra5 56. Rg2 Rc5 57. Ke3+ Kb3 58. Rg3 a5 59. Kd4+ Kb4 60. Rg1 Kb5 61. Rb1+ Kc6 62. Ra1 g4 63. Rg1 Rg5 64. Kc4 g3 65. Kb3 g2 66. Ka4 Kd5 67. Rd1+ Ke4 68. Rg1 Kf3 69. Rxg2 Kxg2 70. Ka3 Rg4 71. Ka2 Rg3 72. Kb1 Kf2 73. Ka2 Ke2 74. Ka1 Kd2 75. Ka2 Kc2 76. Ka1 Ra3# 0-1